00483 a2200121 4500082001200000100001800012245007600030260008000106300003300186500005000219700003500269856005700304 aBICSE-6 aWajahat Navid aDesign and development of tunable radio Frequency FiltercWajahat Navid aIslamabadbNUST School of Electrical Engineering and Computer Sciencec2012 a71p.b:ill.c:27cm.+eCD-ROM aSupervisors: Dr. Munir Tarar, Mr. Ahsan Azhar aFahad Hassan, Adil Bin Shabbir uhttp://10.250.8.41:8080/xmlui/handle/123456789/11069